Tri•ography: Guess Who in 3 Words Quiz Stats

 Plays Quiz Updated Dec 17, 2011

Also try: Tri•ography II
Challenge
Share
Tweet
Embed
Score 0/96 Timer 11:00
0 Plays Today
Tri•ography Who Is It? % Correct
Idol, Judge, MeanSimon Cowell
89.2%
First, Man, EdenAdam
78.3%
Alaska, Governor, WomanSarah Palin
78.2%
Dream, Speech, AssassinatedMartin Luther King, Jr.
77.8%
Detective, Pipe, WatsonSherlock Holmes
75.9%
Superman, Girlfriend, ReporterLois Lane
75.5%
Thriller, Glove, KingMichael Jackson
74.6%
Spinach, Cartoon, TattooPopeye
74.5%
Apple, Computer, FounderSteve Jobs
74.3%
Cyclist, Cancer, ChampionLance Armstrong
74.1%
Luke, Leia, FatherDarth Vader/Anakin Skywalker
73.8%
Christmas, Stole, MeanGrinch
73.7%
Hotel, Heiress, BlondeParis Hilton
73.4%
Parting, Sea, CommandmentsMoses
73.2%
Theater, President, AssassinatedAbraham Lincoln
71.9%
Potter, Hogwarts, AuthorJ.K. Rowling
71.5%
Diarist, Holocaust, GirlAnne Frank
70.2%
Twain, Fence, BoyTom Sawyer
69.1%
Infinity, Beyond, ToyBuzz Lightyear
68.5%
Humbug, Dickens, ProtagonistEbenezer Scrooge
68.5%
French, Emperor, ShortNapoleon Bonaparte
68%
Ego, Id, PsychiatrySigmund Freud
66.8%
Evolution, Theory, ScientistCharles Darwin
65.5%
American, Dictionary, MerriamNoah Webster
65.1%
Joker, Actor, OverdoseHeath Ledger
64.8%
Macabre, Raven, WriterEdgar Allan Poe
64.5%
Hobbit, Ring, LordFrodo Baggins
63.3%
Female, Aviator, MissingAmelia Earhart
62.2%
Steal, Rich, NottinghamRobin Hood
61.6%
Reggae, Singer, WailersBob Marley
61.6%
Peanuts, Blanket, PumpkinLinus Van Pelt
61.1%
Science, Guy, TVBill Nye
59.1%
Tri•ography Who Is It? % Correct
Sweater, Neighborhood, TVMister Rogers
58.1%
Swedish, Scientist, PrizeAlfred Nobel
57.6%
Cobain, Wife, HoleCourtney Love
57.6%
Silent, Comedian, TrampCharlie Chaplin
57.6%
Director, Raiders, Schindler'sStephen Spielberg
57.4%
Dorothy, Oz, ActressJudy Garland
55.3%
First, Black, BaseballJackie Robinson
53.6%
Pop, Artist, Campbell'sAndy Warhol
52.4%
Enterprise, Captain, PricelineWilliam Shatner
52.3%
Kennedy, Assassin, ConspiracyLee Harvey Oswald
52%
Tongue, Kiss, BassistGene Simmons
51.7%
Stooges, Bald, NyukCurly Howard
51.1%
Wheel, Fortune, HostPat Sajak
50.2%
Singer, Country, FolsomJohnny Cash
49.9%
Snowboarder, Tomato, OlympianShaun White
48.1%
Chess, Champion, AmericanBobby Fischer
48%
Lemonade, Tea, GolferArnold Palmer
47.9%
Idol, Winner, CountryCarrie Underwood
47.5%
Comedian, Report, ConservativeStephen Colbert
47.4%
Moustache, Glasses, ComedianGroucho Marx
46.9%
Stones, Guitarist, HeadbandKeith Richards
46.5%
Cat, Author, GeiselDr. Seuss
46%
Rome, Emperor, FiddleNero
45.9%
Sharpshooter, Woman, WestAnnie Oakley
45.7%
Pianist, Flamboyant, Rings Liberace
45.4%
Circus, Founder, SuckerP.T. Barnum
44.7%
Menlo, Phonograph, InventorThomas Edison
44.4%
Cavalry, Bighorn, KilledGeorge Custer
44%
Outlaw, Newman, SundanceButch Cassidy
43.3%
Mathematician, Greek, TheoremPythagoras
43%
Wax, Museum, MadameMarie Tussaud
42.2%
Bandstand, Pyramid, HostDick Clark
41.7%
Tri•ography Who Is It? % Correct
Tennis, Wife, AgassiSteffi Graf
40.8%
Sword, Mark, SpanishZorro
40.7%
Jets, Champion, QuarterbackJoe Namath
40.2%
Female, Soccer, GarciaparraMia Hamm
39.8%
First, Female, JusticeSandra Day O'Connor
39.4%
Detroit, Rocker, HatKid Rock
38.1%
Grateful, Dead, SingerJerry Garcia
37.9%
Doctor, Death, EuthanasiaJack Kevorkian
37.4%
Basketball, Coach, ChairBobby Knight
34.9%
Magician, Street, FrozenDavid Blaine
32.1%
Printing, Press, InventorJohann Gutenberg
31.8%
Motown, Founder, DetroitBerry Gordy, Jr.
31.4%
Capone, Agent, ProhibitionEliot Ness
31.3%
Christie, Sleuth, BelgiumHercule Poirot
30.7%
Tide, Legend, CoachBear Bryant
29.7%
Bogart, Wife, LookLauren Bacall
29.2%
Who, Drummer, OverdoseKeith Moon
29.1%
Ponzi, Scheme, DefrauderBernie Madoff
28.3%
Hammer, Homer, RecordHank Aaron
27.3%
Psycho, Norman, ActorAnthony Perkins
27%
Boxer, Raging, De NiroJake LaMotta
26.2%
Desert, Storm, GeneralNorman Schwarzkopf
26%
Mime, French, BipMarcel Marceau
25.7%
Caged, Birds, MemoiristMaya Angelou
24.6%
Poland, Solidarity, LeaderLech Walesa
24%
Ewing, Dallas, JeannieLarry Hagman
23%
American, Gymnast, AnkleKerri Strug
19.7%
Challenger, Disaster, TeacherChrista McAuliffe
18.9%
Tiger, Wife, NannyElin Nordegren
18.7%
Take, Wife, PleaseHenny Youngman
15.7%
Weatherman, Birthdays, RetiredWillard Scott
14.7%
Wrap, Buildings, ArtistChristo
6.8%

You're not logged in!

Compare scores with friends on all Sporcle quizzes.
OR
Log In

You Might Also Like...

Show Comments

Extras

Top Quizzes Today


Score Distribution

Your Account Isn't Verified!

In order to create a playlist on Sporcle, you need to verify the email address you used during registration. Go to your Sporcle Settings to finish the process.

Report this User

Report this user for behavior that violates our Community Guidelines.

Details: